| 000 | 00709cam a2200205 a 4500 | ||
|---|---|---|---|
| 020 | _a0226534162 (cloth : alk. paper) | ||
| 020 | _a0226534170 (paper : alk. paper) | ||
| 040 | _cDLC | ||
| 082 | 0 | 0 | _a912 UNI 1993 A100 Co. |
| 100 | 1 | _aMonmonier, Mark S. | |
| 245 | 1 | 0 |
_aMapping it out : _bexpository cartography for the humanities and social sciences / |
| 260 |
_aChicago : _bUniversity of Chicago Press, _c1993. |
||
| 300 |
_axiii, 301 p. : _bill., maps ; _c23 cm. |
||
| 650 | 0 | _aCartography. | |
| 650 | 0 | _aHumanities | |
| 650 | 0 | _aSocial sciences | |
| 856 | 4 | 2 | _uhttp://www.loc.gov/catdir/description/uchi051/92039894.html |
| 856 | 4 | 1 | _uhttp://www.loc.gov/catdir/toc/uchi051/92039894.html |
| 942 | _cEK | ||
| 999 |
_c12690 _d12690 |
||